|
|
|
|
| LEADER |
00000nam0a2200000 4500 |
| 001 |
291559 |
| 005 |
20251220071622.0 |
| 020 |
|
|
|a RU
|b 83-89328
|
| 035 |
|
|
|a (RuTPU)RU\TPU\book\316137
|
| 090 |
|
|
|a 291559
|
| 100 |
|
|
|a 20150415d1983 k y0rusy5003 ca
|
| 101 |
0 |
|
|a rus
|
| 102 |
|
|
|a RU
|
| 105 |
|
|
|a a z 001zy
|
| 200 |
1 |
|
|a Математические методы оптимизации и управления в сложных системах
|e сборник научных трудов
|f Ленинградский государственный университет (ЛГУ) ; Калининский государственный университет
|
| 210 |
|
|
|a Калинин
|c [Б. и.]
|d 1983
|
| 215 |
|
|
|a 169 с.
|c ил.
|
| 320 |
|
|
|a Библиография в конце статей
|
| 606 |
1 |
|
|a Сложные системы
|x Оптимизация
|2 stltpush
|3 (RuTPU)RU\TPU\subj\55202
|9 73262
|
| 610 |
1 |
|
|a управление
|
| 610 |
1 |
|
|a математические методы
|
| 610 |
1 |
|
|a раскрашиваемые графы
|
| 610 |
1 |
|
|a топология
|
| 610 |
1 |
|
|a системы управления
|
| 610 |
1 |
|
|a информация
|
| 610 |
1 |
|
|a обработка информации
|
| 610 |
1 |
|
|a жидкости
|
| 610 |
1 |
|
|a конвективные течения
|
| 610 |
1 |
|
|a численные решения
|
| 610 |
1 |
|
|a псевдоожиженный слой
|
| 610 |
1 |
|
|a газ
|
| 610 |
1 |
|
|a перенос
|
| 610 |
1 |
|
|a параметрическая оптимизация
|
| 610 |
1 |
|
|a обращающие аналоговые преобразователи
|
| 610 |
1 |
|
|a точность
|
| 675 |
|
|
|a 681.51.015.2
|z rus
|v 4
|
| 712 |
0 |
2 |
|a Ленинградский государственный университет (ЛГУ)
|c (1924-1991)
|2 stltpush
|3 (RuTPU)RU\TPU\col\77
|
| 712 |
0 |
2 |
|7 ca
|8 rus
|a Калининский государственный университет
|c 1971-1990
|2 stltpush
|3 (RuTPU)RU\TPU\col\6821
|9 24273
|
| 801 |
|
0 |
|a RU
|b RuMRKP
|c 19950704
|g psbo
|
| 801 |
|
1 |
|a RU
|b 63413507
|c 20150415
|
| 801 |
|
2 |
|a RU
|b 63413507
|c 20181116
|g RCR
|
| 942 |
|
|
|c BK
|